| 000 | 00914nam a22002777a 4500 | ||
|---|---|---|---|
| 001 | 7689 | ||
| 003 | FISKH | ||
| 005 | 20250731104046.0 | ||
| 008 | 250731b cb ||||| |||| 00| 0 eng d | ||
| 040 |
_aFISKH _beng _cFISKH _dFISKH |
||
| 050 | _aPZ7.M739 M | ||
| 082 | _a813.6 | ||
| 100 | _aMoncure, Jane Belk | ||
| 245 |
_aMy "m" book / _cby Jane Belk Moncure ; illustrated by Linda Hohag |
||
| 250 | _aThis edition published in 1991 | ||
| 260 |
_aDanbury : _bGrolier, _c1984 |
||
| 300 |
_a29 pages : _bcolor illustrations ; _c20 x 24 cm |
||
| 505 | _aD | ||
| 520 | _aLittle m finds things beginning with the letter m to put in his box, including a magician who takes them all to the moon. | ||
| 521 | 8 |
_a160
_bLexile estimate |
|
| 521 | 8 |
_aC
_bRaz-Plus |
|
| 650 |
_aPhonics _vAlphabet _xVocabulary Builders |
||
| 700 |
_aHohag, Linda _eillustrator |
||
| 942 |
_2ddc _cBK _n0 |
||
| 999 |
_c7689 _d7689 |
||